000 00647nam a2200229Ia 4500
003 OSt
005 20220923225936.0
006 a|||||r|||| 00| 0
007 ta
008 Pun
024 _a276,065
037 _cTextual
040 _aARTS
_cARTS
_bPun
041 _2Pun
_aPun
082 _aO153,2N08:g, L1;L7
100 _aਸੈਨੀ, ਪ੍ਰੀਤਮ
_9156291
245 0 _aਸੰਤ ਸਿੰਘ ਸੇਖੋ੍ਵ ਦੀ ਨਾਟ ਕਲਾ
260 _c1977
650 _aਪੰਜਾਬੀ ਸਾਹਿਤ
942 _hO153,2N08:g, L1;L7
_cTEXL
_2CC
999 _c381488
_d381488